LEADER 01119nam2 2200373 450 001 990006138310203316 005 20160408104532.0 010 $a84-7100-249-3$b(rústica) 010 $a84-7100-250-7$b(cartoné) 035 $a000613811 035 $aUSA01000613811 035 $a(ALEPH)000613831USA01 035 $a000613811 100 $a20160111d1992----km-y0itay50------ba 101 $aspa 102 $aES 105 $a||||||||001yy 200 1 $a<> moriscos antes y despues de la expulsion$fMikel de Epalza 210 $aMadrid$cEditorial Mapfre$d1992 215 $a312 p.$d23 cm 225 2 $aColecciones Mapfre 1492. El Magreb$v2 410 0$1001000613781$aColecciones Mapfre 1492. El Magreb$v, 2 454 1$12001 606 $aSpagna$xStoria$xRifugiati religiosi 676 $a946 700 $aEPALZA,$bMikel : de$0537611 801 0$aIT$bsalbc$gISBD 912 $a990006138310203316 951 $aVI.7.COLL.5/ 2$b257 ISLA 959 $aSE 969 $aISLA 979 $aMARANO$b90$c20160408$lUSA01$h1045 996 $aMoriscos antes y despues de la expulsion$91159229 997 $aUNISA LEADER 00808nam0-22002891i-450- 001 990006505750403321 005 20001010 035 $a000650575 035 $aFED01000650575 035 $a(Aleph)000650575FED01 035 $a000650575 100 $a20001010d--------km-y0itay50------ba 101 0 $aita 105 $ay-------001yy 200 1 $a<>Deadlock of Democracy$eFour-Party Politics in America$fJames MacGregor Burns 210 $aEngleewoods Cliffs$cPrentice-Hall$d1963. 215 $a376 p.$d22 cm 676 $a324.273 700 1$aBurns,$bJames MacGregor$0142723 801 0$aIT$bUNINA$gRICA$2UNIMARC 901 $aBK 912 $a990006505750403321 952 $aXIV H 67$b10857$fFSPBC 959 $aFSPBC 996 $aDeadlock of Democracy$9655137 997 $aUNINA DB $aGEN01 LEADER 00863nam0-22003011i-450- 001 990006487390403321 005 20001010 035 $a000648739 035 $aFED01000648739 035 $a(Aleph)000648739FED01 035 $a000648739 100 $a20001010d--------km-y0itay50------ba 101 0 $aita 105 $ay-------001yy 200 1 $aAfrica's international relations$ethe diplomacy of dependency and change$fAli A. Mazrui 210 $aLondon$cHeinemann$eBoulder$cWestview Press$d1977. 215 $a310 p.$d22 cm 676 $a327.6 700 1$aMazrui,$bAli A.$0130631 801 0$aIT$bUNINA$gRICA$2UNIMARC 901 $aBK 912 $a990006487390403321 952 $aXIV E 2775$b25064$fFSPBC 952 $aXIV E 864$b11447$fFSPBC 959 $aFSPBC 996 $aAfrica's international relations$9653195 997 $aUNINA DB $aGEN01